000
00256nam a2200109Ia 4500
008
220216s9999 xx 000 0 und d
245
0
_a
Mixed farming in the tropics
260
_b
Planter
_c
1959
300
_a
303-307
650
_a
Mixed farming
942
_c
JS
999
_c
63012
_d
63012